Molecular biology of the gene

Wedi'i Gadw mewn:
Manylion Llyfryddiaeth
Fformat: Llyfr
Iaith:Undetermined
Cyhoeddwyd: San Francisco, CA Benjaming Cummings 2004
Pynciau:
Tagiau: Ychwanegu Tag
Dim Tagiau, Byddwch y cyntaf i dagio'r cofnod hwn!
Thư viện lưu trữ: Trung tâm Học liệu Trường Đại học Cần Thơ
LEADER 00545nam a2200193Ia 4500
001 CTU_68398
008 210402s9999 xx 000 0 und d
020 |b 87 
082 |a 572.86 
082 |b M718 
245 0 |a Molecular biology of the gene 
260 |a San Francisco, CA 
260 |b Benjaming Cummings 
260 |c 2004 
526 |a Công nghệ sinh học trong bảo vệ thực vật 
526 |b NN609 
650 |a Genes,Molecular biology 
904 |i Minh 
980 |a Trung tâm Học liệu Trường Đại học Cần Thơ